000 00561nam a2200193Ia 4500
999 _c2887
_d2887
008 200103s 2012 ||||xx |||||||||||||| ||und||
020 _a9781870077903
082 _a623.89
_bNAU
110 _aThe Nautical Institute
245 0 _aAdmiralty manual of navigation: B R 45(1), Vol. I
250 _a10th ed.
260 _bThe nautical institute
_c2012
_aLondon
300 _avarious pases
650 _aProjection and Grids
650 _aSpherical Mercator Sailing
650 _aVisual Fixing
700 _aThe Royal Navy
_eAuthored by
942 _cBK